| 000 | 00393nam a22001217a 4500 | ||
|---|---|---|---|
| 082 | _a200 THE | ||
| 100 |
_aShoaib Hassan _970341 |
||
| 245 | _aTH-SOF-1151-PURIFICATION OF REQUIREMENT ENGINEERING MODEL FOR RAPID APPLICATION DEVELOPMENT | ||
| 260 |
_aIslamabad _bNUST College of EME _c2015 |
||
| 650 |
_a MS-CSE-13 MSTHESIS _969839 |
||
| 700 |
_aSupervison Dr. Usman Qamar _969913 |
||
| 942 | _cCF | ||
| 999 |
_c577331 _d577331 |
||